Metody modelování a projektování systémů řízení

Gespeichert in:
Bibliographische Detailangaben
1. Verfasser: Jünger, Josef
Weitere Verfasser: Drechsler, Richard, Gerlich, Petr
Format: Buch
Sprache:Tschechisch
Veröffentlicht: Ostrava Vysoká škola báňská 1986
Ausgabe:1. vyd.
Tags: Tag hinzufügen
Keine Tags, Fügen Sie das erste Tag hinzu!

MARC

LEADER 00000nam a2200000 4500
001 c032104
005 20221220072022.1
041 0 |a cze 
044 |a CZ 
245 1 0 |a Metody modelování a projektování systémů řízení  |c Josef Jünger, Richard Drechsler, Petr Gerlich 
250 |a 1. vyd. 
264 1 |a Ostrava  |b Vysoká škola báňská  |c 1986 
300 |a 151 s. 
100 1 |a Jünger, Josef 
700 1 |a Drechsler, Richard 
700 1 |a Gerlich, Petr